000 01171nam a22003497a 4500
001 BR0002135
003 BR-BrBNA
005 20230928100634.0
007 ta
008 230509b bl.||||| |||| 00| 0 por d
040 _aBR-BrBNA
_bpor
_cBiblioteca Nacional de Agricultura
041 _a(Por)
072 _aP30; P33
090 _ P30 BR0002135
110 1 _aSociedade Brasileira de Ciencia do Solo, Vicosa, MG (Brasil)
_99650
110 1 _aUniversidade Federal de Vicosa, MG (Brasil)
111 1 _a25. Congresso Brasileiro de Ciencia do Solo
_cVicosa, MG (Brazil)
_d23-29 Jul 1995
245 1 _a25. Congresso Brasileiro de Ciencia do Solo: o solo nos grandes dominios morfoclimaticos do Brasil e o desenvolvimento sustentado; resumos expandidos
260 3 _aVicosa, MG (Brasil):
_c1995.
300 _av. 1-4
650 _aPedologia
650 _aDesenvolvimento Sustentavel
650 _aClimatologia
650 _aFisica do Solo
650 _aQuimica do Solo
650 _aBiologia do Solo
650 _aNutricao Vegetal
650 _aReconhecimento do Solo
650 _aManejo do Solo
909 _a202309
_bLucia
_c55
_dLucia Elande
942 _cBK
999 _c62143
_d62143